Google Maps major cities - Statistics

General Stats
  • This quiz has been taken 15 times
  • The average score is 108 of 425
Answer Stats
Answer % Correct
Atlanta
86%
Dallas
86%
Denver
86%
Las Vegas
86%
London
86%
Phoenix
86%
San Francisco
86%
Austin
71%
Barcelona
71%
Chicago
71%
Detroit
71%
Houston
71%
Los Angeles
71%
Madrid
71%
Mexico City
71%
Miami
71%
Moscow
71%
Naples
71%
New York
71%
Rome
71%
San Diego
71%
Tokyo
71%
Toronto
71%
Berlin
57%
Birmingham
57%
Bogotá
57%
Brussels
57%
Cairo
57%
Cape Town
57%
Casablanca
57%
Copenhagen
57%
Dubai
57%
Dublin
57%
Havana
57%
Hong Kong
57%
Kyiv
57%
La Paz
57%
Lima
57%
Milan
57%
Munich
57%
Nashville
57%
Orlando
57%
Osaka
57%
Paris
57%
Philadelphia
57%
Porto
57%
Pyongyang
57%
Sacramento
57%
Sana'a
57%
San Antonio
57%
Santiago
57%
São Paulo
57%
Seattle
57%
Seoul
57%
Seville
57%
Sofia
57%
St Petersburg
57%
Sydney
57%
Tehran
57%
Venice
57%
Abu Dhabi
43%
Albuquerque
43%
Alexandria
43%
Amsterdam
43%
Ankara
43%
Baku
43%
Beijing
43%
Brasília
43%
Brisbane
43%
Bucharest
43%
Budapest
43%
Buenos Aires
43%
Calgary
43%
Caracas
43%
Charlotte
43%
Durban
43%
Edinburgh
43%
Florence
43%
Frankfurt
43%
Geneva
43%
Glasgow
43%
Guadalajara
43%
Guangzhou
43%
Helsinki
43%
Indianapolis
43%
Kampala
43%
Kinshasa
43%
Kolkata
43%
Lagos
43%
Lahore
43%
Lisbon
43%
Liverpool
43%
Luanda
43%
Lyon
43%
Manchester
43%
Medellín
43%
Melbourne
43%
Milwaukee
43%
Minneapolis
43%
Montevideo
43%
Montreal
43%
Mumbai
43%
Nagoya
43%
Nairobi
43%
New Delhi
43%
Oklahoma City
43%
Oslo
43%
Ottawa
43%
Panama City
43%
Perth
43%
Pittsburgh
43%
Quito
43%
Recife
43%
Riga
43%
Rio de Janeiro
43%
San José
43%
San Jose
43%
Sapporo
43%
Shanghai
43%
St. Louis
43%
Tampa
43%
Tbilisi
43%
Vancouver
43%
Vienna
43%
Vilnius
43%
Warsaw
43%
Winnipeg
43%
Wuhan
43%
Zagreb
43%
Abuja
29%
Accra
29%
Ahmedabad
29%
Algiers
29%
Almaty
29%
Asunción
29%
Athens
29%
Auckland
29%
Baghdad
29%
Bangui
29%
Barranquilla
29%
Belém
29%
Belo Horizonte
29%
Bergen
29%
Bilbao
29%
Bloemfontein
29%
Bratislava
29%
Busan
29%
Cali
29%
Chengdu
29%
Chennai
29%
Chișinău
29%
Cincinnati
29%
Cleveland
29%
Cologne
29%
Columbus
29%
Córdoba
29%
Dakar
29%
Dresden
29%
Edmonton
29%
Fortaleza
29%
Fort Worth
29%
Genoa
29%
Hamburg
29%
Hanoi
29%
Hanover
29%
Islamabad
29%
Jacksonville
29%
Jakarta
29%
Kabul
29%
Kano
29%
Kansas City
29%
Kraków
29%
Kuala Lumpur
29%
Lilongwe
29%
Louisville
29%
Managua
29%
Manila
29%
Maputo
29%
Maracaibo
29%
Marseille
29%
Minsk
29%
Mogadishu
29%
Monterrey
29%
Nizhny Novgorod
29%
Nur-Sultan
29%
Omsk
29%
Palma
29%
Paramaribo
29%
Phnom Penh
29%
Port-au-Prince
29%
Portland
29%
Prague
29%
Pretoria
29%
Riyadh
29%
Rostov-on-Don
29%
Salvador
29%
Sarajevo
29%
Sheffield
29%
Singapore
29%
Stockholm
29%
Tallinn
29%
Tijuana
29%
Tirana
29%
Toulouse
29%
Tripoli
29%
Tucson
29%
Ufa
29%
Volgograd
29%
Washington
29%
Xiamen
29%
Xi'an
29%
Yekaterinburg
29%
Zaragoza
29%
Zürich
29%
Abidjan
14%
Adana
14%
Adelaide
14%
Antwerp
14%
Ashgabat
14%
Bangkok
14%
Bari
14%
Barquisimeto
14%
Beirut
14%
Bengaluru
14%
Bishkek
14%
Bremen
14%
Brno
14%
Bursa
14%
Campinas
14%
Chelyabinsk
14%
Ciudad Juárez
14%
Cluj-Napoca
14%
Cochabamba
14%
Colombo
14%
Conakry
14%
Curitiba
14%
Daegu
14%
Damascus
14%
Dar es Salaam
14%
Perm
14%
Dnipro
14%
Donetsk
14%
Dortmund
14%
Dushanbe
14%
Düsseldorf
14%
Fes
14%
Fukuoka
14%
Gaborone
14%
Gaziantep
14%
Gdańsk
14%
Goiânia
14%
Gothenburg
14%
Guatemala
14%
Guayaquil
14%
Gwangju
14%
Hangzhou
14%
Harare
14%
Hiroshima
14%
Ho Chi Minh City
14%
Hyderabad
14%
İstanbul
14%
İzmir
14%
Jeddah
14%
Jeju
14%
Jerusalem
14%
Juba
14%
Karachi
14%
Kathmandu
14%
Katowice
14%
Kaunas
14%
Kazan
14%
Kharkiv
14%
Khartoum
14%
Krasnodar
14%
Libreville
14%
Łódź
14%
Lucknow
14%
Luhansk
14%
Lusaka
14%
Lviv
14%
Manaus
14%
Mashhad
14%
Mérida
14%
Mississauga
14%
Muscat
14%
Nantes
14%
Natal
14%
N'Djamena
14%
Novosibirsk
14%
Nuremberg
14%
Odesa
14%
Oulu
14%
Palermo
14%
Port Moresby
14%
Porto Alegre
14%
Qingdao
14%
Quebec City
14%
Rabat
14%
Rosario
14%
Samara
14%
San Juan
14%
São Luís
14%
Sendai
14%
Shenyang
14%
Stuttgart
14%
Surabaya
14%
Tashkent
14%
Tegucigalpa
14%
The Hague
14%
Thessaloniki
14%
Tianjin
14%
Tolyatti
14%
Tunis
14%
Turku
14%
Tyumen
14%
Ulaanbaatar
14%
Valencia
14%
Varna
14%
Vladivostok
14%
Wrocław
14%
Yaroslavl
14%
Yokohama
14%
Antalya
0%
Bamako
0%
Bandung
0%
Basrah
0%
Białystok
0%
Bologna
0%
Bulawayo
0%
Bydgoszcz
0%
Catania
0%
Changchun
0%
Changsha
0%
Chattogram
0%
Chongqing
0%
Częstochowa
0%
Dalian
0%
Davao
0%
Dongguan
0%
Douala
0%
Erbil
0%
Eskişehir
0%
Faisalabad
0%
Freetown
0%
Fuzhou
0%
Gdynia
0%
Gqeberha
0%
Graz
0%
Haiphong
0%
Harbin
0%
Hefei
0%
Hermosillo
0%
Iași
0%
Ibadan
0%
Indore
0%
Irkutsk
0%
Isfahan
0%
Jaipur
0%
Jinan
0%
Jining
0%
Kanpur
0%
Karagandy
0%
Kayseri
0%
Klaipėda
0%
Kochi
0%
Košice
0%
Kryvyi Rih
0%
Kumasi
0%
Kunming
0%
Leipzig
0%
Linyi
0%
Lomé
0%
Lublin
0%
Madurai
0%
Mandalay
0%
Mariupol'
0%
Marrakesh
0%
Medan
0%
Medina
0%
Mersin
0%
Mombasa
0%
Montpellier
0%
Multan
0%
Murcia
0%
Mykolaiv
0%
Nagpur
0%
Nanjing
0%
Nanning
0%
Nashik
0%
Niamey
0%
Niigata
0%
Ningbo
0%
Nouakchott
0%
Patna
0%
Plovdiv
0%
Pointe-Noire
0%
Poltava
0%
Porto-Novo
0%
Poznań
0%
Pune
0%
Rajkot
0%
Samarkand
0%
Santa Cruz de la Sierra
0%
Saratov
0%
Sevastopol
0%
Shijiazhuang
0%
Shiraz
0%
Surat
0%
Suzhou
0%
Szczecin
0%
Taizhou
0%
Tampere
0%
Tangier
0%
Timișoara
0%
Ulyanovsk
0%
Vientiane
0%
Visakhapatnam
0%
Voronezh
0%
Weifang
0%
Wenzhou
0%
Yantai
0%
Yaoundé
0%
Zaporizhzhia
0%
Zhengzhou
0%
No matching quizzes found
Score Distribution
Percent of People with Each Score
Percentile by Number Answered
Your Score History
You have not taken this quiz